Southville International School and Colleges
Your cart is empty.
  • Cart
  • Lists
    Public lists Eva Luna New books Lux_list list_1
    Your lists Log in to create your own lists
  • Log in to your account
  • Your cookies
  • Search history
Southville International School and Colleges
  • Advanced search
  • Recent comments
  • Most popular
  • Libraries

Log in to your account

Log in with GOOGLE


If you do not have an external account, but do have a local account, you can still log in:

  1. Home
  2. MARC view: You and your special child. /
Normal view MARC view ISBD view

You and your special child. / (Record no. 22686)

[ view plain ]
MARC details
000 -LEADER
fixed length control field 00589nam a2200205 a 4500
005 - DATE AND TIME OF LATEST TRANSACTION
control field 20140310183428.0
008 - FIXED-LENGTH DATA ELEMENTS--GENERAL INFORMATION
fixed length control field 080109s19uu xx 00 eng d
020 ## - INTERNATIONAL STANDARD BOOK NUMBER
International Standard Book Number 8174764569
050 ## - LIBRARY OF CONGRESS CALL NUMBER
Classification number LC 4031
Item number .Ad244 2005
100 ## - MAIN ENTRY--PERSONAL NAME
Personal name Advani, Lal
245 ## - TITLE STATEMENT
Title You and your special child. /
Statement of responsibility, etc Lal Advani
260 ## - PUBLICATION, DISTRIBUTION, ETC. (IMPRINT)
Place of publication, distribution, etc New Delhi :
Name of publisher, distributor, etc UBS Publishers Distributors PVT. Ltd,
Date of publication, distribution, etc 2005.
300 ## - PHYSICAL DESCRIPTION
Extent 334 p. :
Other physical details ill. ;
Dimensions 21 cm.
521 ## - TARGET AUDIENCE NOTE
Target audience note
650 ## - SUBJECT ADDED ENTRY--TOPICAL TERM
Topical term or geographic name as entry element Peole with mental disabilities.
650 ## - SUBJECT ADDED ENTRY--TOPICAL TERM
Topical term or geographic name as entry element Special education.
700 ## - ADDED ENTRY--PERSONAL NAME
Personal name Chadha, Anupriya
942 ## - ADDED ENTRY ELEMENTS (KOHA)
Koha item type Books
Source of classification or shelving scheme Library of Congress Classification
Call number prefix Foreign
Holdings
Withdrawn status Lost status Source of classification or shelving scheme Damaged status Home library Current library Shelving location Date acquired Source of acquisition Total Checkouts Full call number Barcode Date last seen Date checked out Copy number Price effective from Koha item type
    Library of Congress Classification   College Library College Library General Circulation Section 01/09/2008   1 LC 4031 .Ad244 2005 C8890 05/15/2018 08/04/2014 1 10/18/2013 Books

You and your special child. /

APA

Advani L., Chadha A., . (2005). You and your special child. New Delhi: UBS Publishers Distributors PVT. Ltd.

Chicago

Advani Lal, Chadha Anupriya, . 2005. You and your special child. New Delhi: UBS Publishers Distributors PVT. Ltd.

Harvard

Advani L., Chadha A., . (2005). You and your special child. New Delhi: UBS Publishers Distributors PVT. Ltd.

MLA

Advani Lal, Chadha Anupriya, . You and your special child. New Delhi: UBS Publishers Distributors PVT. Ltd. 2005.

  • Place hold
  • Print
  • Cite
  • Add to your cart (remove)
  • Save record
    BIBTEX Dublin Core MARCXML MARC (non-Unicode/MARC-8) MARC (Unicode/UTF-8) MARC (Unicode/UTF-8, Standard) MODS (XML) RIS
  • More searches
    Search for this title in:
    Other Libraries (WorldCat) Other Databases (Google Scholar) Online Stores (Bookfinder.com) Open Library (openlibrary.org)

Exporting to Dublin Core...

SOUTHVILLE LIBRARY

Southville International School and Colleges Library

1281 Tropical Ave. Cor. Luxembourg St., BF Homes International, Las Pinas City

Tel. No. 8256374 / 252358 Loc. 117/146

Powered by Koha